| 000 | 00896cas a2200301 i 4500 | ||
|---|---|---|---|
| 999 |
_c200442315 _d60527 |
||
| 003 | TR-AnTOB | ||
| 005 | 20230811132335.0 | ||
| 007 | ta | ||
| 008 | 210728s2001 tu d 000 0 tur d | ||
| 020 | _a9751923514 (1998) | ||
| 022 | _a1301-9910 | ||
| 040 |
_aTR-AnTOB _beng _erda _cTR-AnTOB _dTR-AnTOB |
||
| 041 | 0 | _atur | |
| 050 | 4 |
_aHF3756.5.Z5 _bM33 |
|
| 090 |
_aHF3756.5.Z5 _bM33 |
||
| 245 | 0 | 0 | _aMaddelere göre dış ticaret. |
| 264 | 1 |
_aAnkara : _bDİE, _c1998- |
|
| 300 |
_avolumes : _btables ; _c30 cm |
||
| 336 |
_2rdacontent _atext _btxt |
||
| 337 |
_2rdamedia _aunmediated _bn |
||
| 338 |
_2rdacarrier _avolume _bnc |
||
| 490 | 0 |
_aDevlet İstatistik Enstitüsü ; _vyayın no: 2298 |
|
| 651 | 7 |
_aTürkiye _xTicaret _vİstatistikler _9100034 |
|
| 710 | 2 |
_aDevlet İstatistik Enstitüsü (Turkey) _986134 |
|
| 942 |
_2lcc _cCR |
||